Globalizácia, migrácia a trh práce
Niektoré hlavné hľadiská trhu práce v súvislostiach globalizácie a migrácie pracovných síl, ako aj silnejúcej svetovej hospodárskej krízy. Cieľom príspevku však nie je kauzálne analyzovať pozorované vzťahy.
Salvato in:
| Autore principale: | |
|---|---|
| Natura: | Capitolo di libro |
| Lingua: | slovacco |
| Soggetti: | |
| Tags: |
Nessun Tag, puoi essere il primo ad aggiungerne!!
|
MARC
| LEADER | 00000naa$a2200000$$$4500 | ||
|---|---|---|---|
| 001 | 0230047 | ||
| 005 | 20240502073800.2 | ||
| 041 | 0 | |a slo | |
| 044 | |a SK | ||
| 245 | 1 | 0 | |a Globalizácia, migrácia a trh práce |c Martin Kahanec |
| 520 | |a Niektoré hlavné hľadiská trhu práce v súvislostiach globalizácie a migrácie pracovných síl, ako aj silnejúcej svetovej hospodárskej krízy. Cieľom príspevku však nie je kauzálne analyzovať pozorované vzťahy. | ||
| 610 | 2 | 0 | |a globalizácia |
| 610 | 2 | 0 | |a pohyb síl pracovných |
| 610 | 2 | 0 | |a pohyb síl pracovných medzinárodný |
| 610 | 2 | 0 | |a trh práce |
| 610 | 2 | 0 | |a Slovensko |
| 610 | 2 | 0 | |a zamestnanosť |
| 610 | 2 | 0 | |a nezamestnanosť |
| 610 | 2 | 0 | |a mzdy reálne |
| 100 | 1 | |a Kahanec, Martin, 1977- | |